000 00336 a2200157 4500
001 74616
020 _a9788538024781
040 _cAnchieta - Colégio São Paulo
240 1 0 _aJapão
_lpor
245 1 0 _aJapão
300 _a35
362 0 _a2011
440 1 _aCiranda Cultural
650 4 _aLiteratura infanto-juvenil
942 _cBK
999 _c74616
_d74616